000 00581nam a2200181Ia 4500
008 151018s9999 xx 000 0 und d
082 _bRBASDV25381
_a891.463
100 _aसंजय सोनवणी
245 _aरक्त हिटलरचे
250 _b1
260 _bअमोल प्रकाशन मुंबई
_c1994
300 _a188
600 _aसंजय सोनवणी
630 _aरक्त हिटलरचे
700 _aसंजय सोनवणी
730 _aरक्त हिटलरचे
942 _cBOOK
999 _c1024997
_d1024994